| 000 | 00871nam a2200241 u 4500 | ||
|---|---|---|---|
| 005 | 20230527063559.0 | ||
| 008 | 140925s1997 es r 000 0 spa d | ||
| 020 | _a8449304601 | ||
| 035 | _aUPN01000199793 | ||
| 049 | _aCG | ||
| 050 | 4 |
_aBF724.3 _bG4.38a |
|
| 100 | 1 |
_aGesell, Arnold Lucius, _d1880-1961 _928379 |
|
| 245 | 1 | 3 |
_aEl adolescente de diez a dieciseis años / _cArnold Gesell, Frances L. Ilg, Louise Bates Ames ; tr. Eduardo Loedel. |
| 260 |
_aBarcelona, Esp. : _bPaidós, _c1997. |
||
| 300 | _a1382 p. | ||
| 440 | 0 |
_aPsicología, psiquiatría, psicoterapia ; _v174 |
|
| 534 |
_pTítulo original: _tYouth : the years from ten to sixteen |
||
| 650 | 4 |
_aPsicología del adolescente _91013 |
|
| 700 | 1 |
_aIlg, Frances Lillian, _d1902-1981 _ecoaut. _928559 |
|
| 700 | 1 |
_aAmes, Louise Bates, _d1908-1996 _ecoaut. _928718 |
|
| 905 | _aLibro | ||
| 999 |
_c171894 _d171894 |
||